000 00463nam a2200181Ia 4500
008 240925s9999 xx 000 0 und d
020 _a135258332
082 _a629.8 ZHO
100 _aZhou, Kemin
245 0 _aEssentials of Robust Control
250 _aNA
260 _aNew Jersey:
_bPrintice- Hall Int.
_c,1998.
300 _axx,972p.
_bNa
_fOriginal
500 _aIncludes Index
600 _aElectronic Engineering
650 _aTechnology
942 _cBK
999 _c9570
_d9570